[Event "Olomouc Seniors 50 op"]
[Site "Olomouc"]
[Date "2024.08.10"]
[Round "1"]
[White "Rotrekl, Rostislav"]
[Black "Krejci, Jan"]
[Result "0-1"]
[WhiteElo "1885"]
[BlackElo "2061"]
[PlyCount "96"]
[EventDate "2024.08.10"]
[EventType "swiss"]
[EventRounds "9"]
[EventCountry "CZE"]
[SourceTitle "CBM 221 Extra"]
[Source "ChessBase"]
[SourceDate "2024.09.30"]
[SourceVersion "1"]
[SourceVersionDate "2024.09.30"]
[SourceQuality "1"]

1. d4 d5 2. Bf4 Nf6 3. e3 c6 4. c3 Bf5 5. Bd3 e6 6. Nf3 Bd6 7. Bxd6 Qxd6 8. Ne5 0-0 9. 0-0 Nbd7 10. f4 c5 11. Bxf5 exf5 12. Nd2 c4 13. Qc2 g6 14. b4 a5 15. a3 Rfe8 16. Rfe1 Re6 17. Qb2 Nb6 18. Qc2 Qe7 19. Reb1 Ne8 20. Nf1 a4 21. Rc1 Nd6 22. Qe2 Nb5 23. Qf2 Nc8 24. Nf3 f6 25. h4 Ncd6 26. N3d2 Re8 27. Qf3 Ne4 28. Nxe4 Rxe4 29. Kf2 Kh8 30. Ra2 g5 31. g3 Qg7 32. Re2 Nc7 33. Nd2 R4e7 34. hxg5 fxg5 35. Rg1 Rg8 36. Ree1 Re6 37. Rg2 Qd7 38. Qh5 Reg6 39. Qf3 Ne8 40. Rh1 Nf6 41. Re1 Re8 42. Ke2 Qe6 43. Kd1 gxf4 44. gxf4 Reg8 45. Rxg6 Rxg6 46. Re2 Qg8 47. Rh2 Rg3 48. Qe2 Ng4 0-1